000
00300nam a22001457a 4500
020
_a
81-713-0522-9
082
_a
894.812.3
_b
MAD/O
100
_a
MADHAVIKUTTY
245
_a
OTTAYADIPPATHA
260
_a
THRISSUR
_b
DC BOOKS
_c
2011
300
_a
189
520
_a
NOVEL
650
_a
NOVEL
942
_c
BK
999
_c
4933
_d
4933